Kit de demostración de pulmones inflables (Registro nro. 12127)
[ vista simple ]
| 000 -LÍDER | |
|---|---|
| fixed length control field | 00698nom a22001817a 4500 |
| 005 - FECHA DE ÚLTIMA TRANSACCION | |
| control field | 20220609144748.0 |
| 008 - ELEMENTOS DE DATOS - INFORMACIÓN GENERAL | |
| fixed length control field | 190717b xxu||||| |||| 00| 0 spa d |
| 041 ## - CÓDIGO DE LENGUAJE | |
| Código de idioma de texto / pista de sonido o título separado | eng |
| 082 ## - NÚMERO DE ACTIVO | |
| N° Activo | Kit de demostración de pulmones inflables |
| 245 ## - TÍTULO | |
| Título | Kit de demostración de pulmones inflables |
| 300 ## - DESCRIPCIÓN FÍSICA | |
| Peso | 6.35 Kg |
| 500 ## - NOTA GENERAL | |
| Nota general | Contiene bandeja de inflado, bomba de aire, pulmón sano y pulmón enfermo, sección de pulmón seco, guía del maestro y contenedor para almacenar pulmones.<br/><br/>Se prestan para el mismo día, hasta las 7:50 pm |
| 650 ## - ASIENTO SECUNDARIO DE MATERIA - TÉRMINO DE MATERIA | |
| Término temático | PULMONES |
| 650 ## - ASIENTO SECUNDARIO DE MATERIA - TÉRMINO DE MATERIA | |
| Término temático | PULMONES SANOS |
| 650 ## - ASIENTO SECUNDARIO DE MATERIA - TÉRMINO DE MATERIA | |
| Término temático | PULMONES ENFERMOS |
| 650 ## - ASIENTO SECUNDARIO DE MATERIA - TÉRMINO DE MATERIA | |
| Término temático | MODELOS ANATÓMICOS |
| 942 ## - AÑADIDO ENTRADA ELEMENTOS ( Koha ) | |
| Koha tipo de ítem | Modelo Anatómico |
| Withdrawn status | Estado | Estado físico | Not for loan | Precio de compra | Total Checkouts | Clasificación | Número de inscripción | Date last seen | Date checked out | Copy number | Tipo de ítem | Price effective from |
|---|---|---|---|---|---|---|---|---|---|---|---|---|
| 141100.00 | 1 | Kit de demostración de pulmones inflables | ACT-7767 | 03/06/2025 | 03/06/2025 | Pulmón sano | Modelo Anatómico | |||||
| 141100.00 | Kit de demostración de pulmones inflables | ACT-7768 | 17/07/2019 | Pulmón enfermo | Modelo Anatómico | |||||||
| 141100.00 | Kit de demostración de pulmones inflables | ACT-7769 | 17/07/2019 | Bandeja inflado y bomba de aire | Modelo Anatómico | |||||||
| 141100.00 | Kit de demostración de pulmones inflables | LS03686 | 17/07/2019 | Sección de pulmón seco | Modelo Anatómico | 17/07/2019 |